000
00338nam a2200133Ia 4500
008
240719s9999 xx 000 0 und d
041
_a
eng
082
_a
828 GUP
100
_a
Gupta, Shekhar
245
_a
Walk The Talk
260
_a
New Delh
_b
Rupa
_c
2017
300
_a
354 P.; 24 Cm.
520
_a
Faculty Purchase For LRC/ Prof. J Sharma
999
_c
41176
_d
41176